000 01724nam1a2200361 i 4500
001 RU\NLR\bibl\130893
005 20241110064348.0
035 _a(NLR Aleph) 000128221
090 _a731684
_c731684
100 _a20010129g19 9999u y0rusy50 ca
101 0 _arus
102 _aRU
105 _ay |||||||||
200 1 _aРабочие тетради по литературе
_eУчеб. пособие для учащихся 11 кл. сред. учеб. заведений
_fА.Г. Нелькин, Л.Д. Фураева
210 _aСПб.
_cСМИО Пресс
_d2000
215 _d29
225 1 _aСерия "Рабочие тетради по литературе"
300 _aНа обл.: Литература: Рабочие тетр. / А.Г. Нелькин, Л.Д. Фураева
463 0 _1001127377
463 0 _1001131932
606 0 _aЛитература
_xРабочие тетради
_xСредняя школа
_92066714
_3RU\NLR\auth\661241281
606 _aРусская литература
_jРуководства, пособия и т.п. для средней школы
_91032583
_3RU\NLR\auth\6678541
606 _aРусская литература
_jУчебные издания для средней школы
_91032583
_3RU\NLR\auth\6678541
686 _aЧ426.21,6(2)-215
686 _aШ5(2=Р)я721-1
700 1 _aНелькин
_bА. Г.
_gАлексей Георгиевич
_4070
701 1 _aФураева
_bЛ. Д.
_gЛидия Дмитриевна
_4070
801 0 _aRU
_bNLR
_c20010129
_gPSBO
801 1 _aRU
_bNLR
_c20010129
830 _aАвт. по кн.
852 _aNLR
_j2000-8/2409
942 _cBOOK